[Event "Ustron op-B"]
[Site "Ustron"]
[Date "2023.08.16"]
[Round "6"]
[White "Madej, Marek"]
[Black "Kusiak, Mateusz"]
[Result "1-0"]
[WhiteElo "2108"]
[BlackElo "1967"]
[PlyCount "75"]
[EventDate "2023.08.11"]
[EventType "swiss"]
[EventRounds "9"]
[EventCountry "POL"]
[SourceTitle "CBM 215 Extra"]
[Source "ChessBase"]
[SourceDate "2023.09.30"]
[SourceVersion "1"]
[SourceVersionDate "2023.09.30"]
[SourceQuality "1"]

1. e4 c5 2. Nf3 Nf6 3. Nc3 d5 4. e5 Nfd7 5. d4 e6 6. a3 Nc6 7. dxc5 Bxc5 8. b4 Be7 9. Bb2 0-0 10. Be2 Qc7 11. Nb5 Qb8 12. Bd3 h6 13. Qe2 a6 14. Nc3 Ndxe5 15. 0-0-0 Bf6 16. Kb1 b5 17. g4 Nxg4 18. Rhg1 Nxh2 19. Rg2 Nxf3 20. Qxf3 Bd4 21. Nxd5 Bxb2 22. Kxb2 Qe5+ 23. Nc3 Bb7 24. Rdg1 f5 25. Rxg7+ Qxg7 26. Rxg7+ Kxg7 27. Qg3+ Kf6 28. Qh4+ Kg7 29. Qg3+ Kf6 30. Qh4+ Kg7 31. Ne2 e5 32. Ng3 e4 33. Nh5+ Kh7 34. Bxe4 Ra7 35. Qg3 Ba8 36. Bd5 Rd8 37. Nf6+ Kh8 38. Qg6 1-0

[Event "Ustron op-B"]
[Site "Ustron"]
[Date "2023.08.11"]
[Round "1"]
[White "Kroliczek, Gabriela"]
[Black "Madej, Marek"]
[Result "0-1"]
[WhiteElo "1980"]
[BlackElo "2108"]
[PlyCount "64"]
[EventDate "2023.08.11"]
[EventType "swiss"]
[EventRounds "9"]
[EventCountry "POL"]
[SourceTitle "CBM 215 Extra"]
[Source "ChessBase"]
[SourceDate "2023.09.30"]
[SourceVersion "1"]
[SourceVersionDate "2023.09.30"]
[SourceQuality "1"]

1. e4 c6 2. Nf3 d5 3. Nc3 dxe4 4. Nxe4 Nf6 5. Qe2 Nxe4 6. Qxe4 Nd7 7. Bc4 Nf6 8. Ne5 e6 9. Qe2 b5 10. Bb3 Qc7 11. d4 Bd6 12. 0-0 0-0 13. h4 c5 14. c3 cxd4 15. cxd4 Bb7 16. Bg5 Bxe5 17. dxe5 Ne4 18. Bf4 Qe7 19. Qg4 Kh8 20. Rac1 Rae8 21. Be3 f5 22. Qf4 Rg8 23. f3 g5 24. hxg5 Nxg5 25. Kh1 Nxf3 26. Rxf3 Rg4 27. Bc5 Qg7 28. Qh2 Rxg2 29. Qh5 Rg8 30. Be3 Rh2+ 31. Qxh2 Bxf3+ 32. Qg2 Qxg2# 0-1

[Event "Bydgoszcz op-A"]
[Site "Bydgoszcz"]
[Date "2023.07.01"]
[Round "8"]
[White "Madej, Marek"]
[Black "Lewandowski, Krzysztof"]
[Result "1-0"]
[WhiteElo "2096"]
[BlackElo "2127"]
[PlyCount "81"]
[EventDate "2023.06.24"]
[EventType "swiss"]
[EventRounds "9"]
[EventCountry "POL"]
[SourceTitle "CBM 215 Extra"]
[Source "ChessBase"]
[SourceDate "2023.09.30"]
[SourceVersion "1"]
[SourceVersionDate "2023.09.30"]
[SourceQuality "1"]

1. e4 Nf6 2. e5 Nd5 3. d4 d6 4. c4 Nb6 5. exd6 cxd6 6. Nc3 g6 7. Be3 Bg7 8. Rc1 0-0 9. b3 Bf5 10. Nf3 Bg4 11. Be2 e6 12. h3 Bxf3 13. Bxf3 d5 14. cxd5 exd5 15. 0-0 Nc6 16. Qd2 Re8 17. Ne2 Nc8 18. Rc5 N8e7 19. Nf4 b6 20. Rc2 Qd6 21. Rfc1 Nb4 22. Rc3 a5 23. Nd3 Nbc6 24. Nf4 Rac8 25. Bg4 Rcd8 26. Bf3 Nb4 27. a3 Na6 28. Qd3 Nb8 29. Qb5 Nf5 30. Nxd5 Bxd4 31. Rd3 Bxe3 32. fxe3 Nh4 33. Rf1 Re5 34. Nf6+ Qxf6 35. Rxd8+ Kg7 36. Qd3 Rxe3 37. Qxe3 Qxd8 38. Be4 Qe7 39. Qd4+ Kh6 40. g3 f5 41. Bd5 1-0

[Event "Krakow op-A 33rd"]
[Site "Krakow"]
[Date "2023.01.02"]
[Round "6"]
[White "Lojek, Marek"]
[Black "Madej, Marek"]
[Result "0-1"]
[WhiteElo "2134"]
[BlackElo "2169"]
[PlyCount "88"]
[EventDate "2022.12.27"]
[EventType "swiss"]
[EventRounds "9"]
[EventCountry "POL"]
[SourceTitle "CBM 212 Extra"]
[Source "ChessBase"]
[SourceDate "2023.03.31"]
[SourceVersion "1"]
[SourceVersionDate "2023.03.31"]
[SourceQuality "1"]

1. b3 Nf6 2. Bb2 g6 3. g3 Bg7 4. Bg2 0-0 5. Nf3 d6 6. d4 e5 7. dxe5 Ng4 8. 0-0 Nc6 9. c4 Ngxe5 10. Nxe5 dxe5 11. Nc3 Be6 12. Qe1 Qc8 13. Nd5 Rd8 14. Rd1 Rd7 15. f4 Qf8 16. fxe5 Nxe5 17. Nf6+ Bxf6 18. Rxf6 Qc5+ 19. Kh1 Rxd1 20. Qxd1 Ng4 21. Qf1 Rd8 22. h3 Ne3 23. Rxg6+ fxg6 24. Qf6 Rd1+ 25. Kh2 Rd7 26. Qxe6+ Rf7 27. b4 Qe7 28. Qxe7 Rxe7 29. Bf3 c6 30. c5 Nf1+ 31. Kg2 Nd2 32. Bf6 Re6 33. Bg5 Nxf3 34. Kxf3 Re5 35. Bf4 Rd5 36. a3 Rd1 37. Bb8 Ra1 38. Kf4 Rxa3 39. e4 Kf7 40. Kg5 a5 41. bxa5 Rxa5 42. Bd6 b5 43. Kh6 b4 44. Kxh7 b3 0-1

[Event "POL-ch sf"]
[Site "Karpacz"]
[Date "2022.12.04"]
[Round "2"]
[White "Madej, Marek"]
[Black "Reichel, Lukasz"]
[Result "1-0"]
[WhiteElo "2169"]
[BlackElo "1892"]
[PlyCount "53"]
[EventDate "2022.12.03"]
[EventType "swiss"]
[EventRounds "9"]
[EventCountry "POL"]
[SourceTitle "CBM 211 Extra"]
[Source "ChessBase"]
[SourceDate "2023.01.31"]
[SourceVersion "1"]
[SourceVersionDate "2023.01.31"]
[SourceQuality "1"]

1. e4 c5 2. Nf3 d6 3. d4 cxd4 4. Nxd4 Nf6 5. Nc3 a6 6. h4 e5 7. Nb3 Be7 8. Bg5 Be6 9. Bxf6 Bxf6 10. g3 0-0 11. Qd2 b5 12. 0-0-0 b4 13. Nd5 a5 14. Nxf6+ Qxf6 15. Qxd6 Qxf2 16. Bb5 a4 17. Nc5 b3 18. Rd2 bxa2 19. Rxf2 a1Q+ 20. Kd2 Qxh1 21. Nxe6 Rc8 22. Qe7 Rxc2+ 23. Kxc2 Qxe4+ 24. Bd3 Qc6+ 25. Kd2 Qxe6 26. Qd8+ Qe8 27. Qxe8# 1-0

[Event "POL-ch sf"]
[Site "Karpacz"]
[Date "2022.12.03"]
[Round "1"]
[White "Licznerski, Lukasz"]
[Black "Madej, Marek"]
[Result "1-0"]
[WhiteElo "2441"]
[BlackElo "2169"]
[PlyCount "61"]
[EventDate "2022.12.03"]
[EventType "swiss"]
[EventRounds "9"]
[EventCountry "POL"]
[SourceTitle "CBM 211 Extra"]
[Source "ChessBase"]
[SourceDate "2023.01.31"]
[SourceVersion "1"]
[SourceVersionDate "2023.01.31"]
[SourceQuality "1"]

1. e4 e5 2. Nc3 Nf6 3. g3 d5 4. exd5 Nxd5 5. Bg2 Nxc3 6. bxc3 Bc5 7. Ne2 Nc6 8. d3 0-0 9. Be3 Bb6 10. 0-0 Re8 11. Rb1 Bg4 12. h3 Be6 13. c4 Qd6 14. Nc3 Nd4 15. Ne4 Qf8 16. c5 f5 17. cxb6 fxe4 18. bxc7 Nf3+ 19. Kh1 Bd5 20. Qe2 exd3 21. Qxd3 Qf7 22. Rfd1 Bc6 23. Qb3 Rec8 24. Rd6 Qxb3 25. Rxb3 e4 26. Rxc6 bxc6 27. Rb7 Kf7 28. h4 a5 29. Bh3 Ne5 30. Bf4 Ng6 31. Rb8 1-0

[Event "POL-chT 2nd League"]
[Site "Jastrzebia Gora"]
[Date "2022.09.10"]
[Round "8.9"]
[White "Madej, Marek"]
[Black "Kasperek, Ryszard"]
[Result "1/2-1/2"]
[WhiteElo "2035"]
[BlackElo "2083"]
[PlyCount "46"]
[EventDate "2022.09.03"]
[EventType "team-swiss"]
[EventRounds "9"]
[EventCountry "POL"]
[SourceTitle "CBM 210 Extra"]
[Source "ChessBase"]
[SourceDate "2022.11.30"]
[SourceVersion "1"]
[SourceVersionDate "2022.11.30"]
[SourceQuality "1"]
[WhiteTeam "Wroclaw Polonia"]
[BlackTeam "Debica Gryf"]
[WhiteTeamCountry "POL"]
[BlackTeamCountry "POL"]

1. e4 c5 2. Nf3 e6 3. d4 cxd4 4. Nxd4 a6 5. c4 Nf6 6. Nc3 Bb4 7. Qd3 d5 8. cxd5 exd5 9. exd5 Nxd5 10. Be2 0-0 11. 0-0 Nc6 12. Nxc6 bxc6 13. Nxd5 Qxd5 14. Qxd5 cxd5 15. Bf3 Be6 16. Rd1 Rac8 17. a3 Be7 18. Be3 Bf6 19. Bd4 Rc2 20. Bxf6 gxf6 21. b4 Rfc8 22. Bxd5 Bxd5 23. Rxd5 Ra2 1/2-1/2

[Event "Ustron op-B"]
[Site "Ustron"]
[Date "2022.08.12"]
[Round "1"]
[White "Rawicz, Karol"]
[Black "Madej, Marek"]
[Result "1-0"]
[WhiteElo "2173"]
[BlackElo "1981"]
[PlyCount "73"]
[EventDate "2022.08.12"]
[EventType "swiss"]
[EventRounds "9"]
[EventCountry "POL"]
[SourceTitle "CBM 209 Extra"]
[Source "ChessBase"]
[SourceDate "2022.09.30"]
[SourceVersion "1"]
[SourceVersionDate "2022.09.30"]
[SourceQuality "1"]

1. Nf3 Nf6 2. c4 g6 3. d4 c5 4. Nc3 cxd4 5. Nxd4 Nc6 6. e4 Bg7 7. Be3 0-0 8. Be2 d6 9. 0-0 Bd7 10. Qd2 a5 11. Ndb5 a4 12. f4 Qa5 13. Rac1 Rfc8 14. h3 Be6 15. f5 Bd7 16. c5 dxc5 17. fxg6 hxg6 18. Rxf6 Bxf6 19. Qxd7 Nd4 20. Bc4 Rd8 21. Qg4 e6 22. Rf1 Bg7 23. Bxd4 Bxd4+ 24. Nxd4 cxd4 25. Bxe6 Qh5 26. Bxf7+ Kg7 27. Qxh5 gxh5 28. Nd5 Rf8 29. Nc7 d3 30. Ne6+ Kh6 31. Rf6+ Kh7 32. Bg6+ Kh6 33. Bf7+ Kh7 34. Nxf8+ Kg7 35. Nd7 Rd8 36. Rd6 Kxf7 37. Ne5+ 1-0

[Event "Wroclaw Anderssen Memorial"]
[Site "Wroclaw"]
[Date "2022.07.30"]
[Round "2"]
[White "Golubka, Petr"]
[Black "Madej, Marek"]
[Result "1-0"]
[WhiteElo "2378"]
[BlackElo "1995"]
[PlyCount "107"]
[EventDate "2022.07.30"]
[EventType "swiss (rapid)"]
[EventRounds "9"]
[EventCountry "POL"]
[SourceTitle "CBM 209 Extra"]
[Source "ChessBase"]
[SourceDate "2022.09.30"]
[SourceVersion "1"]
[SourceVersionDate "2022.09.30"]
[SourceQuality "1"]

1. e4 e5 2. Bb5 a6 3. Ba4 Nf6 4. d3 Nc6 5. c4 Bc5 6. Nf3 0-0 7. Nc3 h6 8. h3 d6 9. Bxc6 bxc6 10. a3 d5 11. Qe2 Re8 12. 0-0 a5 13. b3 Rb8 14. Rb1 Bd4 15. Na4 dxe4 16. dxe4 c5 17. Bd2 Bb7 18. Nxd4 cxd4 19. f3 Nh5 20. Qf2 Bc6 21. Nc5 Qd6 22. b4 axb4 23. axb4 Rf8 24. g4 Nf6 25. b5 Qxc5 26. Bb4 Qxc4 27. Bxf8 Bxb5 28. Be7 Qe6 29. Bxf6 Qxf6 30. Rfc1 c6 31. Kg2 Ra8 32. Ra1 Rxa1 33. Rxa1 Kh7 34. h4 c5 35. Qb2 Bd3 36. h5 Qf4 37. Ra7 c4 38. Qa2 Bxe4 39. fxe4 Qxg4+ 40. Kf2 Qf4+ 41. Kg1 c3 42. Rxf7 Qg4+ 43. Kf1 Qd1+ 44. Kg2 Qxh5 45. Rf8 Qg4+ 46. Kf2 Qh4+ 47. Kg1 Qe1+ 48. Kh2 Qh4+ 49. Kg1 Qg3+ 50. Kf1 Qd3+ 51. Kg1 Qe3+ 52. Kh2 Kg6 53. Qf7+ Kh7 54. Qf5+ 1-0

[Event "Wroclaw Anderssen Memorial"]
[Site "Wroclaw"]
[Date "2022.07.30"]
[Round "5"]
[White "Madej, Marek"]
[Black "Hnydiuk, Aleksander"]
[Result "1-0"]
[WhiteElo "1995"]
[BlackElo "2388"]
[PlyCount "65"]
[EventDate "2022.07.30"]
[EventType "swiss (rapid)"]
[EventRounds "9"]
[EventCountry "POL"]
[SourceTitle "CBM 209 Extra"]
[Source "ChessBase"]
[SourceDate "2022.09.30"]
[SourceVersion "1"]
[SourceVersionDate "2022.09.30"]
[SourceQuality "1"]

1. e4 Nf6 2. e5 Nd5 3. d4 d6 4. exd6 exd6 5. Nf3 Be7 6. c4 Nb6 7. Nc3 0-0 8. Be2 Bg4 9. h3 Bh5 10. 0-0 Nc6 11. b3 Bf6 12. Be3 Re8 13. Qd2 d5 14. c5 Nc8 15. Nh2 Bxe2 16. Nxe2 N8e7 17. Ng3 Qd7 18. Ng4 Bh4 19. Bg5 Bxg3 20. fxg3 Ng6 21. Bf6 Re6 22. Bxg7 Kxg7 23. Qh6+ Kh8 24. Rf6 Qe7 25. Raf1 Rxf6 26. Nxf6 Nf8 27. Nxd5 Qe6 28. Nf6 Nxd4 29. Kh2 Nf5 30. Qg5 Ng7 31. Rf4 Ng6 32. Qh6 Nf8 33. Rg4 1-0